[Event "Oberliga Ost B"]
[Site "?"]
[Date "2022.10.23"]
[Round "3.2"]
[White "Bilych, Olexiy"]
[Black "Peng, Li Min"]
[Result "1/2-1/2"]
[WhiteElo "2420"]
[BlackElo "2511"]
[PlyCount "49"]
[EventDate "2022.09.18"]
[EventType "team-tourn"]
[EventCountry "GER"]
[WhiteTeam "Wiesbadener SV"]
[BlackTeam "Emstal Bad Wolfhagen SF"]
[WhiteTeamCountry "GER"]
[BlackTeamCountry "GER"]

1. c4 e5 2. Nc3 Bb4 3. Nd5 Be7 4. d4 exd4 5. Qxd4 Nf6 6. Nxe7 Qxe7 7. Bg5 Nc6 8. Qc3 d6 9. Nf3 Rg8 10. g3 Ne4 11. Bxe7 Nxc3 12. Bxd6 cxd6 13. bxc3 Be6 14. e3 Na5 15. Nd4 Rc8 16. Nxe6 fxe6 17. Bd3 h6 18. Rb1 b6 19. Rb4 Ke7 20. h4 Rc5 21. h5 Rgc8 22. Rh4 Nc6 23. Ra4 Rc7 24. Be2 Ne5 25. Rd4 1/2-1/2

[Event "Oberliga Ost B"]
[Site "?"]
[Date "2022.10.23"]
[Round "3.3"]
[White "Larkin, Vladyslav"]
[Black "Dubkov, Andrej"]
[Result "1/2-1/2"]
[WhiteElo "2451"]
[BlackElo "2319"]
[PlyCount "87"]
[EventDate "2022.09.18"]
[EventType "team-tourn"]
[EventCountry "GER"]
[WhiteTeam "Emstal Bad Wolfhagen SF"]
[BlackTeam "Wiesbadener SV"]
[WhiteTeamCountry "GER"]
[BlackTeamCountry "GER"]

1. e4 c6 2. d4 d5 3. Nc3 dxe4 4. Nxe4 Nf6 5. Nxf6+ exf6 6. c3 Bd6 7. Bd3 Na6 8. Ne2 Nc7 9. O-O O-O 10. Qc2 g6 11. Bf4 Re8 12. Qd2 Ne6 13. Bxd6 Qxd6 14. Rfe1 Bd7 15. Bc4 Rad8 16. Ng3 f5 17. Bxe6 Bxe6 18. Qg5 Qe7 19. Qxe7 Rxe7 20. Re5 Rc7 21. Nf1 b6 22. Nd2 c5 23. Nf3 Bd5 24. dxc5 bxc5 25. Ne1 Be6 26. Re2 Bc4 27. Rc2 a5 28. b3 Be6 29. c4 a4 30. Rc3 Rd2 31. bxa4 Ra7 32. a3 Rxa4 33. Nd3 Rxc4 34. Rxc4 Bxc4 35. Nxc5 Rd5 36. Na4 Bb3 37. Nc3 Rc5 38. Ne2 Ra5 39. f3 Ra4 40. Kf2 f4 41. Nc3 Rc4 42. Rc1 Rd4 43. Rb1 Be6 44. Ne2 1/2-1/2

[Event "Oberliga Ost B"]
[Site "?"]
[Date "2022.10.23"]
[Round "3.4"]
[White "Bakiev, Diyor"]
[Black "Petrovskyi, Vadym"]
[Result "0-1"]
[WhiteElo "2180"]
[BlackElo "2360"]
[PlyCount "96"]
[EventDate "2022.09.18"]
[EventType "team-tourn"]
[EventCountry "GER"]
[WhiteTeam "Wiesbadener SV"]
[BlackTeam "Emstal Bad Wolfhagen SF"]
[WhiteTeamCountry "GER"]
[BlackTeamCountry "GER"]

1. e4 c5 2. Nf3 d6 3. Bb5+ Nd7 4. O-O a6 5. Bd3 b5 6. c4 Ne5 7. Nxe5 dxe5 8. Qe2 b4 9. Bc2 e6 10. a3 bxa3 11. Rxa3 Bd6 12. f4 Nf6 13. Rd3 Qc7 14. Ba4+ Ke7 15. f5 exf5 16. Nc3 Be6 17. b3 f4 18. Bb2 Kf8 19. h3 g5 20. Nd5 Nxd5 21. cxd5 Bd7 22. Ra1 Kg7 23. Rc3 Bc8 24. Bc6 Rb8 25. Ba3 Qe7 26. Qc4 Rb4 27. Bxb4 cxb4 28. Rd3 h5 29. Kf1 g4 30. Ke2 f5 31. Rh1 Rf8 32. hxg4 hxg4 33. Kd1 fxe4 34. Qxe4 Bf5 35. Qc4 Qa7 36. Rh5 Qf7 37. Rxf5 Qxf5 38. Qxa6 Qf6 39. Qb7+ Kh6 40. Qa7 Rf7 41. Qg1 Kg7 42. Qe1 e4 43. Qxe4 Qa1+ 44. Kc2 Qa2+ 45. Kc1 Re7 46. Qd4+ Be5 47. Qc4 Bb2+ 48. Kc2 Bc3+ 0-1

[Event "Oberliga Ost B"]
[Site "?"]
[Date "2022.10.23"]
[Round "3.5"]
[White "Prokofiev, Valentyn"]
[Black "Ochs, Daniel Elias"]
[Result "1-0"]
[WhiteElo "2280"]
[BlackElo "2071"]
[PlyCount "67"]
[EventDate "2022.09.18"]
[EventType "team-tourn"]
[EventCountry "GER"]
[WhiteTeam "Emstal Bad Wolfhagen SF"]
[BlackTeam "Wiesbadener SV"]
[WhiteTeamCountry "GER"]
[BlackTeamCountry "GER"]

1. d4 e6 2. c4 f5 3. Nc3 Nf6 4. g3 Bb4 5. Bg2 O-O 6. Nf3 d6 7. Bd2 Qe7 8. O-O Nbd7 9. Qb3 Bxc3 10. Bxc3 Ne4 11. Nd2 Ndf6 12. Nxe4 Nxe4 13. Bxe4 fxe4 14. Qc2 d5 15. Bd2 e5 16. dxe5 Bh3 17. Rfd1 Qxe5 18. cxd5 Rxf2 19. Kxf2 Qd4+ 20. e3 Qf6+ 21. Kg1 Qf3 22. Bb4 a5 23. Ba3 b5 24. Bc5 Qh5 25. Rd2 Bg4 26. Qxe4 Re8 27. Qf4 h6 28. Rf1 Bh3 29. Rc1 Re5 30. Qf8+ Kh7 31. Bd4 Rg5 32. Rxc7 Qg4 33. d6 h5 34. Rxg7+ 1-0

[Event "Oberliga Ost B"]
[Site "?"]
[Date "2022.10.23"]
[Round "3.6"]
[White "Scheitz, Michael"]
[Black "Kersten, Uwe"]
[Result "1/2-1/2"]
[WhiteElo "2034"]
[BlackElo "2261"]
[PlyCount "83"]
[EventDate "2022.09.18"]
[EventType "team-tourn"]
[EventCountry "GER"]
[WhiteTeam "Wiesbadener SV"]
[BlackTeam "Emstal Bad Wolfhagen SF"]
[WhiteTeamCountry "GER"]
[BlackTeamCountry "GER"]

1. c4 c5 2. g3 g6 3. Bg2 Bg7 4. Nf3 Nc6 5. Nc3 b6 6. O-O Bb7 7. e3 Nf6 8. d4 cxd4 9. Nxd4 O-O 10. b3 Qc8 11. Nde2 Nb4 12. e4 Na6 13. Be3 Nc5 14. f3 d6 15. Rc1 Re8 16. Qd2 Qb8 17. Rfd1 a6 18. Nd4 Qa7 19. b4 Ncd7 20. Nd5 Rac8 21. Nb3 Qb8 22. Bh3 Ne5 23. Qe2 e6 24. Nxb6 Rcd8 25. Na5 h5 26. Bg2 Nc6 27. Nxb7 Qxb7 28. Rb1 d5 29. cxd5 exd5 30. exd5 Ne7 31. Qf2 Nexd5 32. Bd4 Nxb6 33. Bxb6 Rxd1+ 34. Rxd1 Qe7 35. Bc5 Qe6 36. Bf1 Qc8 37. Re1 Rxe1 38. Qxe1 a5 39. a3 axb4 40. axb4 Qf5 41. Qd1 Nd7 42. Bf2 1/2-1/2

[Event "Oberliga Ost B"]
[Site "?"]
[Date "2022.10.23"]
[Round "3.7"]
[White "Boricsev, Oleg"]
[Black "Nehmert, Ulrich"]
[Result "1-0"]
[WhiteElo "2218"]
[BlackElo "2235"]
[PlyCount "43"]
[EventDate "2022.09.18"]
[EventType "team-tourn"]
[EventCountry "GER"]
[WhiteTeam "Emstal Bad Wolfhagen SF"]
[BlackTeam "Wiesbadener SV"]
[WhiteTeamCountry "GER"]
[BlackTeamCountry "GER"]

1. e4 c6 2. d4 d5 3. exd5 cxd5 4. Bd3 Qc7 5. c3 Nf6 6. h3 Nc6 7. Nf3 h6 8. Qe2 e6 9. O-O Bd6 10. Re1 Nd7 11. Nbd2 O-O 12. c4 b6 13. a3 Bb7 14. b4 e5 15. c5 e4 16. Nxe4 dxe4 17. Qxe4 Nf6 18. Qh4 Be7 19. Bxh6 gxh6 20. Qxh6 Ne5 21. Rxe5 Ne4 22. Rh5 1-0

[Event "Oberliga Ost B"]
[Site "?"]
[Date "2022.10.23"]
[Round "3.8"]
[White "Buchholz, Maja"]
[Black "Dovzik, Juri"]
[Result "0-1"]
[WhiteElo "1695"]
[BlackElo "2269"]
[PlyCount "50"]
[EventDate "2022.09.18"]
[EventType "team-tourn"]
[EventCountry "GER"]
[WhiteTeam "Wiesbadener SV"]
[BlackTeam "Emstal Bad Wolfhagen SF"]
[WhiteTeamCountry "GER"]
[BlackTeamCountry "GER"]

1. c4 c6 2. g3 d5 3. Bg2 g6 4. Nf3 Bg7 5. cxd5 cxd5 6. d4 Nc6 7. Nc3 Nf6 8. O-O O-O 9. Bf4 Nh5 10. Be3 e6 11. Rc1 Bd7 12. Qd2 Rc8 13. Bg5 f6 14. Bh6 Qe7 15. g4 Bxh6 16. Qxh6 Ng7 17. e4 dxe4 18. Nxe4 Nd8 19. h4 Rxc1 20. Rxc1 Bc6 21. Ng3 Nf7 22. Qe3 Nd6 23. Ne2 f5 24. g5 f4 25. Qe5 Rf5 0-1

[Event "Oberliga Ost B"]
[Site "?"]
[Date "2022.10.23"]
[Round "3.1"]
[White "Teske, Henrik"]
[Black "Weber, Ulrich"]
[Result "1-0"]
[WhiteElo "2465"]
[BlackElo "2349"]
[PlyCount "81"]
[EventDate "2022.09.18"]
[EventType "team-tourn"]
[EventCountry "GER"]
[WhiteTeam "Erfurt SV Empor"]
[BlackTeam "Hofheim SV II"]
[WhiteTeamCountry "GER"]
[BlackTeamCountry "GER"]

1. Nf3 Nf6 2. c4 g6 3. Nc3 Bg7 4. e4 d6 5. d4 O-O 6. Be2 e5 7. O-O Nc6 8. d5 Ne7 9. Nd2 c5 10. dxc6 bxc6 11. b4 Be6 12. Nb3 d5 13. Bg5 d4 14. Bxf6 Bxf6 15. Na4 Kh8 16. Nac5 Bc8 17. a4 Ng8 18. Nd3 Bg7 19. Bf3 Qc7 20. Na5 Re8 21. c5 Ba6 22. Qc2 Rab8 23. Nc4 Bf8 24. Rab1 f6 25. Rfc1 Nh6 26. g3 Nf7 27. Bg2 Ng5 28. h4 Ne6 29. Bh3 Bc8 30. Kh2 Bd7 31. Qd2 h5 32. b5 cxb5 33. Nd6 Re7 34. Nxb5 Bxb5 35. axb5 Kh7 36. Qa2 Nd8 37. Nb4 Rxb5 38. Nd5 Rxb1 39. Qxb1 Qc6 40. Qb8 Re8 41. Bd7 1-0

[Event "Oberliga Ost B"]
[Site "?"]
[Date "2022.10.23"]
[Round "3.2"]
[White "Zude, Erik"]
[Black "Langheinrich, Ferenc"]
[Result "1/2-1/2"]
[WhiteElo "2379"]
[BlackElo "2363"]
[PlyCount "105"]
[EventDate "2022.09.18"]
[EventType "team-tourn"]
[EventCountry "GER"]
[WhiteTeam "Hofheim SV II"]
[BlackTeam "Erfurt SV Empor"]
[WhiteTeamCountry "GER"]
[BlackTeamCountry "GER"]

1. e4 g6 2. d4 Bg7 3. Nf3 d6 4. c3 Nf6 5. Bd3 O-O 6. O-O Nc6 7. h3 e5 8. Re1 Re8 9. d5 Ne7 10. c4 Nh5 11. Nc3 Nf4 12. Bf1 h6 13. Kh2 Qd7 14. Ng1 g5 15. g3 Nfg6 16. Qh5 Rf8 17. Bd3 Qd8 18. Nf3 f6 19. Kg1 Bd7 20. Nh2 Be8 21. Qf3 Qc8 22. Ng4 h5 23. Ne3 Qxh3 24. Bf1 Qc8 25. Qxh5 Nf4 26. Qh1 Kf7 27. gxf4 Rh8 28. Qxh8 Bxh8 29. f5 Bd7 30. Be2 Bg7 31. Bd2 Nxf5 32. exf5 Bxf5 33. Nxf5 Qxf5 34. Kg2 Rh8 35. Rh1 Rh4 36. Rxh4 gxh4 37. Rh1 Bh6 38. Bxh6 Qg6+ 39. Kh3 Qxh6 40. Bg4 Qf4 41. Be6+ Kf8 42. Rg1 Qf3+ 43. Kh2 Qxf2+ 44. Rg2 Qf4+ 45. Kh3 f5 46. Ne2 Qf3+ 47. Kh2 h3 48. Rg8+ Ke7 49. Ng1 Qf2+ 50. Kxh3 e4 51. Rg2 Qf1 52. Ne2 f4 53. Nxf4 1/2-1/2

[Event "Oberliga Ost B"]
[Site "?"]
[Date "2022.10.23"]
[Round "3.3"]
[White "Urban, Lars"]
[Black "Brendel, Oliver"]
[Result "0-1"]
[WhiteElo "2195"]
[BlackElo "2343"]
[PlyCount "70"]
[EventDate "2022.09.18"]
[EventType "team-tourn"]
[EventCountry "GER"]
[WhiteTeam "Erfurt SV Empor"]
[BlackTeam "Hofheim SV II"]
[WhiteTeamCountry "GER"]
[BlackTeamCountry "GER"]

1. d4 Nf6 2. c4 g6 3. f3 c5 4. d5 d6 5. e4 e6 6. Nc3 exd5 7. cxd5 Bg7 8. Nge2 O-O 9. Ng3 a6 10. a4 Nbd7 11. Be2 Ne8 12. Be3 Rb8 13. Qd2 Nc7 14. a5 b5 15. axb6 Nb5 16. Nxb5 axb5 17. O-O Nxb6 18. f4 Nc4 19. Bxc4 bxc4 20. e5 f5 21. Rfc1 dxe5 22. Bxc5 Re8 23. Ra7 exf4 24. Qxf4 Qxd5 25. b4 Bb7 26. Ra2 c3 27. Rac2 Rbd8 28. Nf1 Re4 29. Qf2 Rde8 30. Ng3 Rg4 31. Re1 Rxe1+ 32. Qxe1 h5 33. Qf2 Qd1+ 34. Nf1 Bxg2 35. Qxg2 Qxc2 0-1

[Event "Oberliga Ost B"]
[Site "?"]
[Date "2022.10.23"]
[Round "3.4"]
[White "Haack, Kevin"]
[Black "Michalowski, Peter"]
[Result "1-0"]
[WhiteElo "2091"]
[BlackElo "2103"]
[PlyCount "63"]
[EventDate "2022.09.18"]
[EventType "team-tourn"]
[EventCountry "GER"]
[WhiteTeam "Hofheim SV II"]
[BlackTeam "Erfurt SV Empor"]
[WhiteTeamCountry "GER"]
[BlackTeamCountry "GER"]

1. d4 Nf6 2. c4 e5 3. dxe5 Ng4 4. Bf4 Nc6 5. Nf3 Bb4+ 6. Nc3 Bxc3+ 7. bxc3 Qe7 8. Qd5 f6 9. exf6 Nxf6 10. Qd3 d6 11. g3 Ne4 12. Bg2 Nc5 13. Qc2 O-O 14. Nd4 Na5 15. O-O c6 16. Nb3 Nxc4 17. Nxc5 dxc5 18. e4 g5 19. Bc1 g4 20. Bh6 Rf7 21. f3 gxf3 22. Rxf3 Rxf3 23. Bxf3 Bh3 24. Be2 Ne5 25. Rd1 c4 26. Qd2 Re8 27. a4 Bg4 28. Rf1 Qe6 29. Qg5+ Qg6 30. Qxe5 Bxe2 31. Rf6 Qh5 32. Rf8+ 1-0

[Event "Oberliga Ost B"]
[Site "?"]
[Date "2022.10.23"]
[Round "3.5"]
[White "Heinke, Jasper"]
[Black "Engel, Berthold"]
[Result "1/2-1/2"]
[WhiteElo "2029"]
[BlackElo "2117"]
[PlyCount "50"]
[EventDate "2022.09.18"]
[EventType "team-tourn"]
[EventCountry "GER"]
[WhiteTeam "Erfurt SV Empor"]
[BlackTeam "Hofheim SV II"]
[WhiteTeamCountry "GER"]
[BlackTeamCountry "GER"]

1. e4 e6 2. d4 d5 3. Nc3 Nf6 4. Bg5 Be7 5. e5 Ng8 6. Be3 b6 7. Qg4 g6 8. h4 h5 9. Qg3 Ba6 10. Nce2 Nh6 11. Nf3 Nf5 12. Qf4 Nc6 13. O-O-O Qd7 14. g4 hxg4 15. Qxg4 O-O-O 16. Nf4 Bxf1 17. Rdxf1 Rdg8 18. Nd3 Rg7 19. Rh3 Rgh7 20. Rfh1 Qe8 21. c3 Kb7 22. Ng5 Nxe3 23. fxe3 Bxg5 24. hxg5 Rxh3 25. Rxh3 Ne7 1/2-1/2

[Event "Oberliga Ost B"]
[Site "?"]
[Date "2022.10.23"]
[Round "3.6"]
[White "Waffenschmidt, Joachim"]
[Black "Rempel, Patrick"]
[Result "0-1"]
[WhiteElo "2031"]
[BlackElo "2017"]
[PlyCount "100"]
[EventDate "2022.09.18"]
[EventType "team-tourn"]
[EventCountry "GER"]
[WhiteTeam "Hofheim SV II"]
[BlackTeam "Erfurt SV Empor"]
[WhiteTeamCountry "GER"]
[BlackTeamCountry "GER"]

1. d4 Nf6 2. c4 g6 3. Nc3 Bg7 4. e4 d6 5. Nf3 O-O 6. Be2 Na6 7. O-O e5 8. Be3 c6 9. Re1 exd4 10. Nxd4 Nc5 11. f3 a5 12. Qd2 Qe7 13. Rad1 Re8 14. Bf1 Nfd7 15. Nc2 Bf8 16. Bg5 f6 17. Bh4 Ne5 18. Ne3 Nf7 19. Ncd5 cxd5 20. Nxd5 Qd8 21. Nxf6+ Kh8 22. Nxe8 Qxe8 23. Bf6+ Kg8 24. b3 Ne6 25. e5 dxe5 26. Bxe5 Qc6 27. Bc3 Qc5+ 28. Kh1 Qh5 29. Qd5 Neg5 30. Re8 Be6 31. Rxe6 Nxe6 32. Qxe6 Ra6 33. Qd5 Rd6 34. Bxa5 Rxd5 35. Rxd5 Qh4 36. g3 Qf6 37. Kg2 Ng5 38. f4 Ne6 39. Be2 Qb2 40. Rd2 Qa1 41. Bf3 Nc5 42. b4 Qc3 43. Rd8 Kg7 44. a3 Qxa3 45. Ra8 Nd3 46. Bxb7 Qa2+ 47. Kh3 Nf2+ 48. Kg2 Ng4+ 49. Kf3 Nxh2+ 50. Ke4 Qg2+ 0-1

[Event "Oberliga Ost B"]
[Site "?"]
[Date "2022.10.23"]
[Round "3.7"]
[White "Nicolai, Tim"]
[Black "Rieseler, Caroline"]
[Result "0-1"]
[WhiteElo "1985"]
[BlackElo "2111"]
[PlyCount "92"]
[EventDate "2022.09.18"]
[EventType "team-tourn"]
[EventCountry "GER"]
[WhiteTeam "Erfurt SV Empor"]
[BlackTeam "Hofheim SV II"]
[WhiteTeamCountry "GER"]
[BlackTeamCountry "GER"]

1. e4 c5 2. Nc3 Nc6 3. Bb5 d6 4. f4 Bd7 5. Bc4 e6 6. Nf3 Be7 7. O-O a6 8. a4 Qc7 9. d3 Nf6 10. Qe1 Nb4 11. Bb3 O-O 12. Qh4 b5 13. e5 Nfd5 14. Nxd5 Nxd5 15. Qh5 c4 16. Ba2 cxd3 17. cxd3 bxa4 18. d4 Bb5 19. Bd2 Bxf1 20. Rxf1 Rab8 21. f5 dxe5 22. fxe6 fxe6 23. Bb1 e4 24. Qh3 Qd6 25. Bxe4 Nf6 26. Bd3 Rxb2 27. Bg5 Rb5 28. Bxf6 Bxf6 29. Qxh7+ Kf7 30. Ne5+ Rxe5 31. dxe5 Qxe5 32. Qg6+ Ke7 33. Rb1 Rb8 34. Rxb8 Qxb8 35. Qe4 a3 36. Bc4 Qb6+ 37. Kh1 Qd4 38. h4 Be5 39. Qb7+ Kf6 40. Qf3+ Ke7 41. Qb7+ Qd7 42. Qf3 Qd4 43. Qxa3+ Bd6 44. Qxa6 Qxh4+ 45. Kg1 Bc5+ 46. Kf1 Qf2# 0-1

[Event "Oberliga Ost B"]
[Site "?"]
[Date "2022.10.23"]
[Round "3.8"]
[White "Daub, Wolfgang"]
[Black "Taudte, Stefan"]
[Result "1/2-1/2"]
[WhiteElo "2058"]
[BlackElo "1988"]
[PlyCount "28"]
[EventDate "2022.09.18"]
[EventType "team-tourn"]
[EventCountry "GER"]
[WhiteTeam "Hofheim SV II"]
[BlackTeam "Erfurt SV Empor"]
[WhiteTeamCountry "GER"]
[BlackTeamCountry "GER"]

1. d4 Nf6 2. Bg5 c5 3. Nc3 cxd4 4. Qxd4 Nc6 5. Qh4 d5 6. O-O-O e6 7. e4 Be7 8. exd5 Nxd5 9. Bxe7 Qxe7 10. Qxe7+ Ncxe7 11. Bb5+ Kf8 12. Nge2 g6 13. Bc4 Nb6 14. Bb3 Nc6 1/2-1/2

[Event "Oberliga Ost B"]
[Site "?"]
[Date "2022.10.23"]
[Round "3.2"]
[White "Mueller, Magnus"]
[Black "Dietz, Holger"]
[Result "1/2-1/2"]
[WhiteElo "2013"]
[BlackElo "2298"]
[PlyCount "108"]
[EventDate "2022.09.18"]
[EventType "team-tourn"]
[EventCountry "GER"]
[WhiteTeam "Stadtilm SG BW"]
[BlackTeam "Gernsheim SK"]
[WhiteTeamCountry "GER"]
[BlackTeamCountry "GER"]

1. d4 d5 2. c4 c6 3. Nf3 Nf6 4. Qc2 g6 5. Bf4 Bg7 6. e3 O-O 7. Nbd2 Nbd7 8. h3 c5 9. dxc5 Nxc5 10. cxd5 Qxd5 11. b4 Na6 12. a3 b5 13. Qd3 Bd7 14. Qxd5 Nxd5 15. Be5 f6 16. Bb2 Rac8 17. Bd3 Rfd8 18. O-O e5 19. Rac1 Nb6 20. Rfd1 Bc6 21. Bb1 Bd5 22. Bd3 Bc6 23. Bb1 Kf8 24. h4 Ke7 25. h5 Be8 26. Be4 Nb8 27. Ba1 f5 28. Bb1 Nc6 29. Ng5 h6 30. Ngf3 Bf6 31. hxg6 Bxg6 32. e4 fxe4 33. Nxe4 Bxe4 34. Bxe4 Nd4 35. Nxd4 exd4 36. Rxc8 Nxc8 37. Bc6 Nd6 38. Bxd4 Bxd4 39. Rxd4 Rc8 40. Bf3 Rc3 41. Rh4 Rxa3 42. Rxh6 a6 43. Rh7+ Ke6 44. Rc7 Ra4 45. Rc6 Kd7 46. Bd5 Nf5 47. Rf6 Nd6 48. Rf4 a5 49. g4 Rxb4 50. Rxb4 axb4 51. Kf1 Nc4 52. Ke2 Kd6 53. Bxc4 bxc4 54. f4 Ke6 1/2-1/2

[Event "Oberliga Ost B"]
[Site "?"]
[Date "2022.10.23"]
[Round "3.3"]
[White "Neumann, Martin"]
[Black "Schneider, Christian"]
[Result "0-1"]
[WhiteElo "2141"]
[BlackElo "2219"]
[PlyCount "50"]
[EventDate "2022.09.18"]
[EventType "team-tourn"]
[EventCountry "GER"]
[WhiteTeam "Gernsheim SK"]
[BlackTeam "Stadtilm SG BW"]
[WhiteTeamCountry "GER"]
[BlackTeamCountry "GER"]

1. d4 Nf6 2. Bg5 d5 3. c4 dxc4 4. Nc3 c6 5. e3 Nd5 6. Nf3 Nxc3 7. bxc3 Qa5 8. Qd2 Be6 9. Be2 Nd7 10. O-O f6 11. Bf4 g5 12. Bg3 h5 13. h4 g4 14. Nh2 Bh6 15. Rfb1 Nb6 16. Qc2 O-O-O 17. Rb4 Bg8 18. Qg6 Be6 19. Qc2 Bg8 20. Qe4 Rd7 21. Qg6 Be6 22. e4 Bd2 23. Rd1 Bxc3 24. Rxb6 axb6 25. d5 cxd5 0-1

[Event "Oberliga Ost B"]
[Site "?"]
[Date "2022.10.23"]
[Round "3.4"]
[White "Siebarth, Marco"]
[Black "Mueller, Maximilian"]
[Result "1/2-1/2"]
[WhiteElo "2079"]
[BlackElo "2307"]
[PlyCount "103"]
[EventDate "2022.09.18"]
[EventType "team-tourn"]
[EventCountry "GER"]
[WhiteTeam "Stadtilm SG BW"]
[BlackTeam "Gernsheim SK"]
[WhiteTeamCountry "GER"]
[BlackTeamCountry "GER"]

1. e4 c5 2. Nf3 d6 3. d4 cxd4 4. Nxd4 Nf6 5. Nc3 e5 6. Bb5+ Bd7 7. Bxd7+ Qxd7 8. Nde2 Qc6 9. Ng3 h6 10. Be3 Na6 11. Qe2 Nc7 12. O-O b5 13. a3 a5 14. Rfd1 Rb8 15. Qd3 g6 16. Nf1 Be7 17. f3 Kf8 18. Bf2 Nd7 19. Ne3 Nc5 20. Qe2 Bg5 21. Ncd5 N7e6 22. c3 Kg7 23. g3 Rhc8 24. Ng2 Nb3 25. Rab1 Qc4 26. Qe1 Bd8 27. Nge3 Qc6 28. Qe2 Rb7 29. Rf1 Bb6 30. Nxb6 Rxb6 31. Rbd1 Rb7 32. Nd5 Qc4 33. Qe3 Qc5 34. Qe1 Qc6 35. f4 exf4 36. gxf4 Re8 37. Bh4 f5 38. Bf6+ Kh7 39. e5 Nbd4 40. cxd4 Qxd5 41. Qf2 Rf7 42. Rd2 Rc8 43. Bh4 Rc4 44. Rfd1 Rfc7 45. Qe3 Rc1 46. Bf2 dxe5 47. Qxe5 Qf3 48. Rxc1 Rxc1+ 49. Be1 Qxf4 50. Qxe6 Qxd2 51. Qf7+ Kh8 52. Qf8+ 1/2-1/2

[Event "Oberliga Ost B"]
[Site "?"]
[Date "2022.10.23"]
[Round "3.5"]
[White "Schupp, Uwe"]
[Black "Mehlhorn, Uwe"]
[Result "1/2-1/2"]
[WhiteElo "2112"]
[BlackElo "2034"]
[PlyCount "45"]
[EventDate "2022.09.18"]
[EventType "team-tourn"]
[EventCountry "GER"]
[WhiteTeam "Gernsheim SK"]
[BlackTeam "Stadtilm SG BW"]
[WhiteTeamCountry "GER"]
[BlackTeamCountry "GER"]

1. g3 g6 2. Bg2 Bg7 3. c4 e5 4. d3 Ne7 5. Nc3 d6 6. Nf3 O-O 7. O-O c6 8. Rb1 d5 9. cxd5 cxd5 10. Bg5 f6 11. Bd2 Kh8 12. Qb3 Nbc6 13. Rfc1 Rb8 14. Na4 b6 15. Qd1 Bb7 16. b4 Qd7 17. b5 Nd8 18. Bb4 Ne6 19. Bh3 f5 20. Qb3 Rfc8 21. Qa3 Rxc1+ 22. Rxc1 Rc8 23. Bd2 1/2-1/2

[Event "Oberliga Ost B"]
[Site "?"]
[Date "2022.10.23"]
[Round "3.6"]
[White "Neubauer, Andreas"]
[Black "Lukas, Anne"]
[Result "1/2-1/2"]
[WhiteElo "2159"]
[BlackElo "2051"]
[PlyCount "94"]
[EventDate "2022.09.18"]
[EventType "team-tourn"]
[EventCountry "GER"]
[WhiteTeam "Stadtilm SG BW"]
[BlackTeam "Gernsheim SK"]
[WhiteTeamCountry "GER"]
[BlackTeamCountry "GER"]

1. e4 c5 2. Nc3 g6 3. g3 Bg7 4. Nge2 Nc6 5. Bg2 e6 6. O-O Nge7 7. d3 O-O 8. Bg5 h6 9. Be3 Nd4 10. g4 d5 11. Ng3 Nxc2 12. Qxc2 d4 13. Bd2 dxc3 14. bxc3 e5 15. h3 b6 16. f4 exf4 17. Bxf4 Ba6 18. Rfd1 Nc6 19. Rac1 Qf6 20. Qf2 Rad8 21. Qe3 Ne5 22. g5 hxg5 23. Bxg5 Qe6 24. Bxd8 Rxd8 25. d4 Nc4 26. Qf2 Bh6 27. Re1 cxd4 28. cxd4 Qd6 29. Rcd1 Qa3 30. Nf1 Nb2 31. Qh4 Qf8 32. Rb1 Nd3 33. e5 Nf4 34. Rbd1 Ne2+ 35. Kh1 Nc3 36. e6 fxe6 37. Rxe6 Nxd1 38. Rf6 Qg7 39. Ng3 Rf8 40. Bd5+ Kh7 41. Ne4 Rxf6 42. Nxf6+ Kh8 43. Ng4 Nc3 44. Nxh6 Qh7 45. Qf6+ Qg7 46. Nf7+ Kg8 47. Qd8+ Qf8 1/2-1/2

[Event "Oberliga Ost B"]
[Site "?"]
[Date "2022.10.23"]
[Round "3.7"]
[White "Wenzel, Calvin"]
[Black "Schmidt, Daniel"]
[Result "1-0"]
[WhiteElo "1968"]
[BlackElo "1913"]
[PlyCount "119"]
[EventDate "2022.09.18"]
[EventType "team-tourn"]
[EventCountry "GER"]
[WhiteTeam "Gernsheim SK"]
[BlackTeam "Stadtilm SG BW"]
[WhiteTeamCountry "GER"]
[BlackTeamCountry "GER"]

1. e4 c5 2. Nf3 d6 3. d4 cxd4 4. Nxd4 Nf6 5. Nc3 a6 6. Bd3 e5 7. Nde2 h6 8. O-O Be7 9. Ng3 Be6 10. h3 O-O 11. Nd5 Nxd5 12. exd5 Bd7 13. Qh5 Qe8 14. Bf5 g6 15. Qxh6 Bxf5 16. Nxf5 gxf5 17. f4 e4 18. a4 Qd8 19. Ra3 Bh4 20. b4 Nd7 21. Bb2 f6 22. Qxh4 Rf7 23. Rg3+ Rg7 24. Rxg7+ Kxg7 25. Qg5+ Kf7 26. Qxf5 Qe7 27. Re1 e3 28. Qh7+ Ke8 29. Qxe7+ Kxe7 30. Rxe3+ Kf7 31. Bd4 Rc8 32. c3 a5 33. bxa5 Rc4 34. Re6 Rxa4 35. Rxd6 Ke7 36. Re6+ Kf7 37. Re2 Rxa5 38. d6 Nc5 39. Re7+ Kf8 40. Rc7 Ne6 41. Rc8+ Kf7 42. d7 Ke7 43. d8=Q+ Nxd8 44. Bxf6+ Kxf6 45. Rxd8 Rc5 46. Rd3 Kf5 47. Rf3 b5 48. Kf2 Rd5 49. Ke3 Rd1 50. g4+ Kf6 51. Ke4 Rb1 52. Re3 Rf1 53. f5 Ra1 54. Kd5 Rd1+ 55. Kc5 Rb1 56. h4 Rb2 57. Re6+ Kf7 58. g5 Rb3 59. Re3 Rb2 60. f6 1-0

[Event "Oberliga Ost B"]
[Site "?"]
[Date "2022.10.23"]
[Round "3.8"]
[White "Mann, Jonas"]
[Black "Nies, Peter"]
[Result "0-1"]
[WhiteElo "1879"]
[BlackElo "2006"]
[PlyCount "74"]
[EventDate "2022.09.18"]
[EventType "team-tourn"]
[EventCountry "GER"]
[WhiteTeam "Stadtilm SG BW"]
[BlackTeam "Gernsheim SK"]
[WhiteTeamCountry "GER"]
[BlackTeamCountry "GER"]

1. c4 Nf6 2. Nc3 c5 3. g3 e6 4. Bg2 d5 5. d3 Nc6 6. Nf3 d4 7. Ne4 Nxe4 8. dxe4 e5 9. O-O Be7 10. a3 O-O 11. Ne1 Be6 12. b3 Qb8 13. Nd3 b5 14. Qc2 bxc4 15. bxc4 Na5 16. Rb1 Qc7 17. Nb2 Rfd8 18. Bd2 Rab8 19. Bxa5 Qxa5 20. Nd3 f6 21. Rfc1 Qa6 22. Rb3 Rb6 23. Rxb6 axb6 24. a4 Ra8 25. Nb2 Bd7 26. Ra1 b5 27. cxb5 Bxb5 28. Bf3 Bd7 29. a5 Be6 30. Nd3 c4 31. Nb2 Qb5 32. Rc1 Ba3 33. Rb1 Rb8 34. a6 Qxa6 35. Nd1 Rxb1 36. Qxb1 Qa4 37. Kg2 Qb3 0-1

[Event "Oberliga Ost B"]
[Site "?"]
[Date "2022.10.23"]
[Round "3.1"]
[White "Poetsch, Hagen"]
[Black "Lesny, Florian"]
[Result "1/2-1/2"]
[WhiteElo "2478"]
[BlackElo "2204"]
[PlyCount "42"]
[EventDate "2022.09.18"]
[EventType "team-tourn"]
[EventCountry "GER"]
[WhiteTeam "Heusenstamm SC"]
[BlackTeam "Homburg Bad SK"]
[WhiteTeamCountry "GER"]
[BlackTeamCountry "GER"]

1. e4 c5 2. Nf3 d6 3. d4 cxd4 4. Nxd4 Nf6 5. Nc3 a6 6. Bd3 e5 7. Nde2 Be7 8. O-O O-O 9. Ng3 Be6 10. Nd5 Nbd7 11. c4 a5 12. Be3 Ng4 13. Bd2 Nc5 14. Bc2 Nf6 15. a3 Nxd5 16. exd5 Bd7 17. b4 axb4 18. axb4 Na6 19. Bf5 g6 20. Bxd7 Qxd7 21. Qe2 f5 1/2-1/2

[Event "Oberliga Ost B"]
[Site "?"]
[Date "2022.10.23"]
[Round "3.2"]
[White "Schmidt, Walter"]
[Black "Zuyev, Igor"]
[Result "1/2-1/2"]
[WhiteElo "2222"]
[BlackElo "2456"]
[PlyCount "35"]
[EventDate "2022.09.18"]
[EventType "team-tourn"]
[EventCountry "GER"]
[WhiteTeam "Homburg Bad SK"]
[BlackTeam "Heusenstamm SC"]
[WhiteTeamCountry "GER"]
[BlackTeamCountry "GER"]

1. e4 c5 2. Nf3 g6 3. c4 Nc6 4. d4 cxd4 5. Nxd4 Nf6 6. Nc3 d6 7. Be2 Nxd4 8. Qxd4 Bg7 9. Bg5 O-O 10. Qd2 Be6 11. Rc1 Qa5 12. f3 Rfc8 13. b3 a6 14. Nd5 Qxd2+ 15. Kxd2 Nxd5 16. cxd5 f6 17. Be3 Bd7 18. Bd3 1/2-1/2